[Event "30. Internationales Böblinger Open"]
[Site "Böblingen"]
[Date "2013.12.29"]
[Round "6"]
[White "Noe, Christopher"]
[Black "Starostits, Ilmars"]
[Result "1/2-1/2"]
[WhiteElo "2253"]
[BlackElo "2458"]
[PlyCount "80"]
[EventDate "2013.12.26"]
[EventType "swiss"]
[EventRounds "9"]
[EventCountry "GER"]

1. c4 e5 2. Nc3 Nc6 3. Nf3 g6 4. d4 exd4 5. Nd5 Bg7 6. Bg5 Nce7 7. Nxd4 c6 8.
Nc3 Qb6 9. Nb3 d5 10. cxd5 Nxd5 11. Nxd5 cxd5 12. Be3 Qb4+ 13. Bd2 Qd6 14. Bc3
Bxc3+ 15. bxc3 Nf6 16. e3 O-O 17. Be2 b6 18. O-O Bb7 19. Qd4 Ne4 20. Rfd1 Rfd8
21. Rac1 Qa3 22. Rc2 Rac8 23. Rdc1 Qe7 24. Bf1 Qg5 25. Nd2 Qe7 26. Nb3 h5 27.
Qb4 Qf6 28. Qd4 Qg5 29. Nd2 Qe7 30. Nf3 Rc5 31. Nd2 h4 32. h3 Bc8 33. Rd1 Ng5
34. Nb3 Bf5 35. Rcc1 Rcc8 36. Ba6 Rc7 37. Qb4 Qf6 38. Qd4 Qe7 39. Qb4 Qf6 40.
Qd4 Qe7 1/2-1/2

[Event "30. Internationales Böblinger Open"]
[Site "Böblingen"]
[Date "2013.12.29"]
[Round "6"]
[White "Schmitz, Thorsten"]
[Black "Burmakin, Vladimir"]
[Result "0-1"]
[WhiteElo "2302"]
[BlackElo "2585"]
[PlyCount "120"]
[EventDate "2013.12.26"]
[EventType "swiss"]
[EventRounds "9"]
[EventCountry "GER"]

1. e4 c6 2. Nc3 d5 3. Nf3 g6 4. d4 Bg7 5. Bf4 dxe4 6. Nxe4 Bf5 7. Ng3 Bg4 8. c3
Nf6 9. h3 Bxf3 10. Qxf3 O-O 11. Bc4 Nbd7 12. O-O Nb6 13. Bb3 Nbd5 14. Be5 Qd7
15. Rfe1 Rad8 16. Re2 Kh8 17. Rae1 Ng8 18. Bxg7+ Kxg7 19. Re5 Ndf6 20. Ne2 Qd6
21. Nf4 Nd7 22. Rg5 Kh8 23. Nd3 Qf6 24. Qe3 e6 25. Ne5 Ne7 26. Nxd7 Rxd7 27.
Re5 Nd5 28. Bxd5 cxd5 29. Qg3 b5 30. h4 Rg8 31. Qg5 Qxg5 32. hxg5 Rc7 33. a3 a5
34. R5e3 b4 35. axb4 axb4 36. Rd1 Ra8 37. cxb4 Rb8 38. Rb3 Rcb7 39. Kh2 Rxb4
40. Rxb4 Rxb4 41. Rd2 h6 42. gxh6 Kh7 43. g4 Kxh6 44. Kg3 Kg5 45. f3 Rb3 46.
Rc2 Rd3 47. b4 Rxd4 48. Rb2 Rc4 49. b5 Rc7 50. b6 Rb7 51. f4+ Kf6 52. Kf3 g5
53. fxg5+ Kxg5 54. Ke3 e5 55. Rb5 f6 56. Rb4 Kh6 57. Rb5 Kg6 58. Kf3 Kg5 59.
Kg3 Kg6 60. Kf3 Kf7 0-1

[Event "30. Internationales Böblinger Open"]
[Site "Böblingen"]
[Date "2013.12.29"]
[Round "6"]
[White "Schuhmacher, Jakob"]
[Black "Vuckovic, Aleksandar"]
[Result "0-1"]
[WhiteElo "2034"]
[BlackElo "2317"]
[PlyCount "84"]
[EventDate "2013.12.26"]
[EventType "swiss"]
[EventRounds "9"]
[EventCountry "GER"]

1. d4 e6 2. c4 d5 3. Nc3 Be7 4. Nf3 c6 5. e3 f5 6. Qc2 Nf6 7. Bd3 Ne4 8. g4 O-O
9. gxf5 exf5 10. cxd5 Nxc3 11. bxc3 Qxd5 12. Qb3 Be6 13. Qxd5 Bxd5 14. Be2 b5
15. Rg1 Nd7 16. a4 a6 17. Ba3 Bxa3 18. Rxa3 c5 19. Ra1 b4 20. c4 Bb7 21. a5
Rae8 22. d5 f4 23. Kd2 Nf6 24. Ng5 Bc8 25. Bd3 h6 26. Nf3 fxe3+ 27. fxe3 Ng4
28. Be2 Nxe3 29. Rg6 Bg4 30. Rg1 Bxf3 31. Rxg7+ Kh8 32. R7g6 Be4 33. Rxh6+ Bh7
34. Bd3 Rf2+ 35. Kc1 Nf5 36. Bxf5 Rxf5 37. Rxa6 Rf2 38. d6 b3 39. Rb6 Rc2+ 40.
Kd1 b2 41. a6 Rxh2 42. a7 Bc2# 0-1

[Event "30. Internationales Böblinger Open"]
[Site "Böblingen"]
[Date "2013.12.29"]
[Round "6"]
[White "Schulze, Ulrich"]
[Black "Schneider, Bernd"]
[Result "0-1"]
[WhiteElo "2309"]
[BlackElo "2240"]
[PlyCount "58"]
[EventDate "2013.12.26"]
[EventType "swiss"]
[EventRounds "9"]
[EventCountry "GER"]

1. d4 Nf6 2. Nf3 e6 3. c4 d5 4. g3 Be7 5. Bg2 O-O 6. O-O Nbd7 7. Qc2 c6 8. Rd1
Ne4 9. Nfd2 f5 10. Nxe4 fxe4 11. Nc3 Bd6 12. f3 exf3 13. exf3 Nf6 14. Bg5 Qe8
15. c5 Bc7 16. Re1 Qh5 17. Qd2 Ne8 18. f4 h6 19. Bh4 Bxf4 20. gxf4 Qxh4 21. Rf1
Nf6 22. Rae1 Nh5 23. Ne2 Bd7 24. Qe3 Rae8 25. Kh1 Re7 26. Bh3 Kh8 27. Rf2 e5
28. Bxd7 exd4 29. Qxd4 Re4 0-1

[Event "30. Internationales Böblinger Open"]
[Site "Böblingen"]
[Date "2013.12.29"]
[Round "6"]
[White "Steinhart, Karl Heinz"]
[Black "Barthel, Ansgar"]
[Result "1-0"]
[WhiteElo "2151"]
[BlackElo "2225"]
[PlyCount "67"]
[EventDate "2013.12.26"]
[EventType "swiss"]
[EventRounds "9"]
[EventCountry "GER"]

1. c4 e6 2. e3 d5 3. Nf3 Nf6 4. Nc3 c5 5. d4 Nc6 6. a3 a6 7. b3 Be7 8. Bb2 O-O
9. dxc5 Bxc5 10. b4 Ba7 11. c5 Qe7 12. Be2 Rd8 13. Nd4 e5 14. Nxc6 bxc6 15. O-O
Qc7 16. Na4 Re8 17. f4 Nd7 18. Bg4 f6 19. Qf3 Nf8 20. fxe5 Bxg4 21. Qxg4 fxe5
22. Rf2 Qc8 23. Qg5 Qe6 24. Raf1 Ng6 25. h4 Qe7 26. Qg4 Rf8 27. h5 Rxf2 28.
Rxf2 Nh8 29. h6 g6 30. Nb6 Bxb6 31. cxb6 Nf7 32. b7 Rf8 33. Qc8 Qe8 34. Qc7 1-0

[Event "30. Internationales Böblinger Open"]
[Site "Böblingen"]
[Date "2013.12.29"]
[Round "6"]
[White "Veys, Vincent"]
[Black "Neyman, Igor"]
[Result "1-0"]
[WhiteElo "2167"]
[BlackElo "2301"]
[PlyCount "64"]
[EventDate "2013.12.26"]
[EventType "swiss"]
[EventRounds "9"]
[EventCountry "GER"]

1. e4 c5 2. Nf3 Nc6 3. Bb5 g6 4. Bxc6 bxc6 5. O-O Bg7 6. c3 Nh6 7. d3 f6 8. Nh4
O-O 9. f4 f5 10. e5 d6 11. d4 Qb6 12. Qb3+ Kh8 13. Nf3 cxd4 14. cxd4 Qxb3 15.
axb3 Be6 16. b4 Rfb8 17. Bd2 Nf7 18. Rc1 Nd8 19. Bc3 Bd5 20. Kf2 Ne6 21. g3 h6
22. h4 Kg8 23. Nbd2 Kf7 24. Nf1 Nc7 25. Ne3 Ke6 26. Nd2 Rb5 27. Re1 h5 28. Nec4
Kd7 29. Ra4 Bg8 30. Rea1 a6 31. Ne3 dxe5 32. fxe5 Bh6 {Rest unleserlich,  1-0
im 49.Zug /   Rest is illegible, 1-0 move 49} 1-0

[Event "30. Internationales Böblinger Open"]
[Site "Böblingen"]
[Date "2013.12.29"]
[Round "6"]
[White "Wettengel, Alexander"]
[Black "Wartlick, Karl"]
[Result "1/2-1/2"]
[WhiteElo "2095"]
[BlackElo "2208"]
[PlyCount "89"]
[EventDate "2013.12.26"]
[EventType "swiss"]
[EventRounds "9"]
[EventCountry "GER"]

1. e4 c5 2. Nf3 a6 3. c3 d5 4. exd5 Qxd5 5. d4 Nc6 6. Be2 Nf6 7. O-O e6 8. Bf4
Be7 9. Ne5 Nxe5 10. Bxe5 O-O 11. Bf3 Qd8 12. Qb3 Bd6 13. Rd1 Qc7 14. Bxd6 Qxd6
15. Na3 Nd7 16. dxc5 Qxc5 17. Nc4 Rb8 18. Qb4 Qxb4 19. cxb4 b5 20. Na5 Ne5 21.
Be2 Bb7 22. Nxb7 Rxb7 23. Rac1 Rfb8 24. Rd6 Ra7 25. Rc5 Ng6 26. Rcc6 Rba8 27.
a3 Ne5 28. Rc5 Nd7 29. Rc1 Kf8 30. f4 Ke7 31. Rdd1 Rd8 32. Kf2 Nb6 33. Rxd8
Kxd8 34. Ke3 Rc7 35. Rxc7 Kxc7 36. b3 Nd5+ 37. Kf3 Kd6 38. Bd3 h6 39. Ke4 f6
40. g3 Ne7 41. Kd4 Nd5 42. Be4 e5+ 43. fxe5+ fxe5+ 44. Kd3 Ke6 45. Bf3 1/2-1/2

[Event "30. Internationales Böblinger Open"]
[Site "Böblingen"]
[Date "2013.12.29"]
[Round "6"]
[White "Wilk, Wolf Christian"]
[Black "Heimrath, Reiner"]
[Result "0-1"]
[WhiteElo "2155"]
[BlackElo "2271"]
[PlyCount "74"]
[EventDate "2013.12.26"]
[EventType "swiss"]
[EventRounds "9"]
[EventCountry "GER"]

1. e4 c5 2. Nf3 b6 3. d4 cxd4 4. Nxd4 Bb7 5. Nc3 a6 6. Bc4 e6 7. Be3 Qc7 8. Bd3
Bb4 9. Bd2 Nf6 10. Qe2 Nc6 11. Nxc6 Qxc6 12. f3 O-O 13. a3 Bc5 14. e5 Ne8 15.
Ne4 Be7 16. Ng5 f5 17. exf6 Nxf6 18. Bc3 h6 19. Nh3 Qc7 20. Bd2 Bd6 21. Nf2 b5
22. Ne4 Nxe4 23. Bxe4 Bxe4 24. Qxe4 Be5 25. c3 Rae8 26. Be3 Rf5 27. g4 d5 28.
Qd3 Rxf3 29. Ke2 Rh3 30. Raf1 Qc4 31. Qxc4 bxc4 32. Bc5 Rb8 33. Rb1 Rxh2+ 34.
Rxh2 Bxh2 35. Ke3 Be5 36. Bd4 Bd6 37. Kf3 e5 0-1

[Event "30. Internationales Böblinger Open"]
[Site "Böblingen"]
[Date "2013.12.29"]
[Round "7"]
[White "Bijlsma, Nick"]
[Black "Kersten, Uwe"]
[Result "1/2-1/2"]
[WhiteElo "2178"]
[BlackElo "2280"]
[PlyCount "37"]
[EventDate "2013.12.26"]
[EventType "swiss"]
[EventRounds "9"]
[EventCountry "GER"]

1. e4 c5 2. Nf3 e6 3. d4 cxd4 4. Nxd4 a6 5. c4 Nf6 6. Nc3 Qc7 7. a3 b6 8. Be3
Bb7 9. f3 Be7 10. Be2 d6 11. O-O O-O 12. Rc1 Nbd7 13. Qd2 Rac8 14. b4 Qb8 15.
Rfd1 Rfe8 16. Nb3 h5 17. Bf1 Ba8 18. Kh1 h4 19. Qf2 1/2-1/2

[Event "30. Internationales Böblinger Open"]
[Site "Böblingen"]
[Date "2013.12.29"]
[Round "7"]
[White "Brendel, Bergit"]
[Black "Dorst, Johannes"]
[Result "0-1"]
[WhiteElo "2060"]
[BlackElo "2217"]
[PlyCount "60"]
[EventDate "2013.12.26"]
[EventType "swiss"]
[EventRounds "9"]
[EventCountry "GER"]

1. e4 c5 2. Nf3 d6 3. d4 cxd4 4. Nxd4 Nf6 5. Nc3 a6 6. Be2 e5 7. Nb3 Be7 8. O-O
Be6 9. f4 Qc7 10. Kh1 b5 11. fxe5 dxe5 12. Bg5 Nbd7 13. Bxf6 Nxf6 14. Nd5 Bxd5
15. exd5 Rd8 16. c4 bxc4 17. Rc1 Qd6 18. Bxc4 O-O 19. Na5 Rd7 20. Nc6 e4 21.
Qb3 Bd8 22. Nxd8 Rfxd8 23. Qh3 Re7 24. Qh4 Re5 25. Rce1 h6 26. Qf4 Rf8 27. Bxa6
Nh5 28. Qd2 Qxa6 29. d6 Qb6 30. b3 Ng3+ 0-1

[Event "30. Internationales Böblinger Open"]
[Site "Böblingen"]
[Date "2013.12.29"]
[Round "7"]
[White "Burmakin, Vladimir"]
[Black "Gavrilov, Alexei V"]
[Result "1/2-1/2"]
[WhiteElo "2585"]
[BlackElo "2452"]
[PlyCount "81"]
[EventDate "2013.12.26"]
[EventType "swiss"]
[EventRounds "9"]
[EventCountry "GER"]

1. d4 Nf6 2. Nf3 d5 3. c4 e6 4. g3 Be7 5. Bg2 O-O 6. O-O dxc4 7. Qc2 a6 8. a4
Bd7 9. Bg5 Bc6 10. Bxf6 Bxf6 11. Rd1 a5 12. Na3 Na6 13. Nxc4 Nb4 14. Qc1 g6 15.
e3 Qe8 16. b3 Qe7 17. Qd2 Bxf3 18. Bxf3 c5 19. Rac1 cxd4 20. exd4 Rfd8 21. Qb2
Ra6 22. Kg2 h5 23. h4 Kg7 24. Rd2 Nd5 25. Qa3 Rd7 26. Qxe7 Nxe7 27. Rcd1 Nd5
28. Bxd5 Rxd5 29. Ne3 Rdd6 30. d5 exd5 31. Rxd5 Rxd5 32. Rxd5 Rb6 33. Rd3 Rb4
34. Nc2 Rb6 35. Na3 Rb4 36. Nb5 Be5 37. f4 Bb2 38. Nd6 b6 39. Nc8 Ba1 40. Kf3
b5 41. Nb6 1/2-1/2

[Event "30. Internationales Böblinger Open"]
[Site "Böblingen"]
[Date "2013.12.29"]
[Round "7"]
[White "Degenhardt, Horst"]
[Black "Schmitz, Thorsten"]
[Result "1/2-1/2"]
[WhiteElo "2253"]
[BlackElo "2302"]
[PlyCount "108"]
[EventDate "2013.12.26"]
[EventType "swiss"]
[EventRounds "9"]
[EventCountry "GER"]

1. e4 e5 2. Nf3 d6 3. d4 exd4 4. Nxd4 Nf6 5. Nc3 Be7 6. Be2 O-O 7. O-O Re8 8.
Re1 Bf8 9. Bf1 c6 10. Bg5 Nbd7 11. Kh1 h6 12. Bh4 Ne5 13. f3 Ng6 14. Bf2 d5 15.
exd5 Rxe1 16. Qxe1 Nxd5 17. Nxd5 Qxd5 18. b3 Bd7 19. Rd1 Re8 20. Qd2 Bc5 21. c3
Bb6 22. Bg3 Bc8 23. Nc2 Qc5 24. Nd4 Rd8 25. Qe1 Qd5 26. Be2 Re8 27. Qd2 a5 28.
Bd3 Qh5 29. Re1 Rd8 30. Qc2 Qg5 31. Bxg6 Qxg6 32. Qxg6 fxg6 33. h4 Kf7 34. Be5
g5 35. hxg5 hxg5 36. g4 Bd7 37. Re2 c5 38. Nc2 Bc6 39. Kg2 Rd3 40. Ne1 Rd1 41.
c4 a4 42. Kf2 Bd8 43. Ke3 axb3 44. axb3 Rb1 45. Bb2 Bf6 46. Nd3 b6 47. Kf2 Bb7
48. Kg2 Rd1 49. Nf2 Rd8 50. Bc1 Ra8 51. Nd3 Ra1 52. Bb2 Rb1 53. Kf2 Rd1 54.
Ne5+ Bxe5 1/2-1/2

[Event "30. Internationales Böblinger Open"]
[Site "Böblingen"]
[Date "2013.12.29"]
[Round "7"]
[White "Gschnitzer, Oswald"]
[Black "Commercon, Simon"]
[Result "1/2-1/2"]
[WhiteElo "2426"]
[BlackElo "2164"]
[PlyCount "45"]
[EventDate "2013.12.26"]
[EventType "swiss"]
[EventRounds "9"]
[EventCountry "GER"]

1. Nf3 d6 2. d4 f5 3. c4 Nf6 4. Nc3 g6 5. g3 Bg7 6. Bg2 O-O 7. O-O c6 8. d5 e5
9. dxe6 Bxe6 10. b3 Re8 11. Qc2 Na6 12. Rd1 d5 13. Ng5 Qe7 14. Nxe6 Qxe6 15.
cxd5 Nxd5 16. Bb2 Nab4 17. Bxd5 Nxc2 18. Bxe6+ Rxe6 19. Rac1 Nd4 20. e3 Ne2+
21. Nxe2 Bxb2 22. Rc2 Bf6 23. Rd7 1/2-1/2

[Event "30. Internationales Böblinger Open"]
[Site "Böblingen"]
[Date "2013.12.29"]
[Round "7"]
[White "Heimrath, Reiner"]
[Black "Veys, Vincent"]
[Result "0-1"]
[WhiteElo "2271"]
[BlackElo "2167"]
[PlyCount "62"]
[EventDate "2013.12.26"]
[EventType "swiss"]
[EventRounds "9"]
[EventCountry "GER"]

1. e4 e5 2. Nf3 Nc6 3. d4 exd4 4. Nxd4 Bb4+ 5. c3 Bc5 6. Nxc6 bxc6 7. Bc4 Qf6
8. Qf3 Qxf3 9. gxf3 Ne7 10. Be3 Bb6 11. Rg1 d5 12. Bb3 O-O 13. Nd2 Ba6 14.
O-O-O Rad8 15. Rde1 Ng6 16. f4 Rfe8 17. Ba4 dxe4 18. Bxc6 Re6 19. Ba4 Bxe3 20.
fxe3 Nh4 21. Rg3 Rxd2 22. Reg1 Nf3 23. Rxg7+ Kf8 24. Rg8+ Ke7 25. R1g7 Rxh2 26.
b4 Bc4 27. Rc8 Rd6 28. Rxc7+ Kf6 29. Rxh7 Rxh7 30. Rxc4 Rd2 31. Rc6+ Kg7 0-1

[Event "30. Internationales Böblinger Open"]
[Site "Böblingen"]
[Date "2013.12.29"]
[Round "7"]
[White "Kachar, Vladimir"]
[Black "Naumann, Axel"]
[Result "1-0"]
[WhiteElo "2290"]
[BlackElo "2185"]
[PlyCount "97"]
[EventDate "2013.12.26"]
[EventType "swiss"]
[EventRounds "9"]
[EventCountry "GER"]

1. d4 Nf6 2. c4 e6 3. Nc3 Bb4 4. Nf3 b6 5. Qb3 c5 6. Bg5 h6 7. Bh4 d6 8. e3 O-O
9. a3 Ba5 10. Be2 Qe7 11. O-O Bxc3 12. Qxc3 Nbd7 13. Rfd1 Bb7 14. b4 Be4 15.
Nd2 Bh7 16. Bf3 Rac8 17. dxc5 dxc5 18. b5 Rfd8 19. a4 e5 20. a5 e4 21. Be2 Ne5
22. Bg3 Nd3 23. axb6 axb6 24. Ra6 Qe6 25. Rda1 Bg6 26. Bh4 Rd6 27. Bxf6 gxf6
28. Nf1 Rcd8 29. Ra8 Rxa8 30. Rxa8+ Kg7 31. Ng3 Qe5 32. Qxe5 fxe5 33. h4 Rf6
34. Re8 Rd6 35. h5 Bh7 36. Rc8 Kf6 37. Bg4 Nb2 38. Rc6 Ke7 39. Bf5 Rxc6 40.
bxc6 Kd6 41. Bxh7 Nxc4 42. Bxe4 Nd2 43. Bd5 c4 44. Ne4+ Nxe4 45. Bxe4 b5 46.
Kf1 f5 47. Bxf5 Kxc6 48. Ke2 Kc5 49. g4 1-0

[Event "30. Internationales Böblinger Open"]
[Site "Böblingen"]
[Date "2013.12.29"]
[Round "7"]
[White "Kvetny, Mark"]
[Black "Steinhart, Karl Heinz"]
[Result "1-0"]
[WhiteElo "2239"]
[BlackElo "2151"]
[PlyCount "43"]
[EventDate "2013.12.26"]
[EventType "swiss"]
[EventRounds "9"]
[EventCountry "GER"]

1. d4 d5 2. c4 e6 3. Nc3 Nf6 4. cxd5 exd5 5. Bg5 Be7 6. e3 O-O 7. Bd3 h6 8. Bh4
b6 9. Nge2 c6 10. f3 Ne4 11. Bxe7 Nxc3 12. bxc3 Qxe7 13. e4 Ba6 14. O-O Bxd3
15. Qxd3 dxe4 16. fxe4 c5 17. Ng3 g6 18. Qe3 Kh7 19. e5 cxd4 20. cxd4 Nc6 21.
Rf6 Qd7 22. Nf5 1-0

[Event "30. Internationales Böblinger Open"]
[Site "Böblingen"]
[Date "2013.12.29"]
[Round "7"]
[White "Maiorov, Nikita"]
[Black "Matnadze, Ana"]
[Result "1/2-1/2"]
[WhiteElo "2552"]
[BlackElo "2382"]
[PlyCount "107"]
[EventDate "2013.12.26"]
[EventType "swiss"]
[EventRounds "9"]
[EventCountry "GER"]

1. d4 Nf6 2. c4 e6 3. Nc3 Bb4 4. Qc2 d5 5. cxd5 Qxd5 6. Nf3 Qf5 7. Qxf5 exf5 8.
Bd2 c6 9. Ne5 O-O 10. Nd3 Bd6 11. g3 Nbd7 12. Bf4 Bxf4 13. gxf4 Re8 14. Bg2 Nb6
15. e3 Be6 16. O-O Bc4 17. Rfd1 Bxd3 18. Rxd3 Rad8 19. Rc1 Re7 20. b4 a6 21. a4
h6 22. Rdd1 Ne4 23. Bxe4 fxe4 24. Kf1 g5 25. fxg5 hxg5 26. Ke2 f5 27. Rg1 Rg7
28. h3 Nd5 29. b5 axb5 30. axb5 Ra8 31. Nxd5 Ra2+ 32. Kf1 cxd5 33. Rc5 f4 34.
Rg4 fxe3 35. fxe3 Rf7+ 36. Kg1 Rf3 37. Rxg5+ Kf7 38. Rg2 Ra1+ 39. Kh2 Ke6 40.
Rg6+ Kf5 41. Rg2 Rxe3 42. Rxd5+ Kf4 43. Rg4+ Kf3 44. Rf5+ Ke2 45. d5 Rd1 46. h4
Kd3 47. d6 Kc4 48. Rf6 Kxb5 49. h5 Re2+ 50. Rg2 Rxg2+ 51. Kxg2 e3 52. Re6 e2
53. Rxe2 Rxd6 54. Kf3 1/2-1/2

[Event "30. Internationales Böblinger Open"]
[Site "Böblingen"]
[Date "2013.12.29"]
[Round "7"]
[White "Meiser, Markus"]
[Black "Malek, Daniel"]
[Result "1/2-1/2"]
[WhiteElo "2153"]
[BlackElo "2389"]
[PlyCount "76"]
[EventDate "2013.12.26"]
[EventType "swiss"]
[EventRounds "9"]
[EventCountry "GER"]

1. d4 Nf6 2. c4 e6 3. Nf3 d5 4. Nc3 c6 5. Bg5 h6 6. Bxf6 Qxf6 7. e3 Nd7 8. Bd3
dxc4 9. Bxc4 g6 10. O-O Bg7 11. e4 O-O 12. e5 Qe7 13. Ne4 c5 14. Nxc5 Nxc5 15.
dxc5 Rd8 16. Qe2 Qxc5 17. Rac1 Qe7 18. Rfd1 Bd7 19. Bb5 a6 20. Bxd7 Rxd7 21.
Rxd7 Qxd7 22. g3 Rd8 23. Kg2 Qe7 24. Qc4 Rd5 25. Qc8+ Rd8 26. Qc7 Rd7 27. Qc5
Qxc5 28. Rxc5 Bf8 29. Rc8 Kg7 30. Kf1 Rd1+ 31. Ke2 Rb1 32. Rc2 Bb4 33. h4 Kf8
34. Nd2 Bxd2 35. Rxd2 Ke7 36. f4 h5 37. Ke3 f6 38. Rc2 fxe5 1/2-1/2

[Event "30. Internationales Böblinger Open"]
[Site "Böblingen"]
[Date "2013.12.29"]
[Round "7"]
[White "Milov, Leonid"]
[Black "Hottes, Dieter"]
[Result "1-0"]
[WhiteElo "2525"]
[BlackElo "2206"]
[PlyCount "41"]
[EventDate "2013.12.26"]
[EventType "swiss"]
[EventRounds "9"]
[EventCountry "GER"]

1. e4 b6 2. d4 Bb7 3. Bd3 Nf6 4. Qe2 e6 5. Nf3 d5 6. e5 Nfd7 7. c3 Be7 8. b4 c5
9. a3 a5 10. b5 a4 11. Nbd2 O-O 12. h4 f6 13. exf6 Rxf6 14. g4 Nf8 15. g5 Rf4
16. Nf1 Re4 17. Bxe4 dxe4 18. Ne5 cxd4 19. cxd4 Qxd4 20. Bb2 Qd8 21. Qh5 1-0

[Event "30. Internationales Böblinger Open"]
[Site "Böblingen"]
[Date "2013.12.29"]
[Round "7"]
[White "Novoselski, Zoran"]
[Black "Lambert, Andreas"]
[Result "1-0"]
[WhiteElo "2381"]
[BlackElo "2144"]
[PlyCount "117"]
[EventDate "2013.12.26"]
[EventType "swiss"]
[EventRounds "9"]
[EventCountry "GER"]

1. e4 e6 2. d4 d5 3. e5 c5 4. Qg4 Nc6 5. Nf3 cxd4 6. Bd3 Nb4 7. O-O Nxd3 8.
cxd3 Ne7 9. Bg5 Bd7 10. Nxd4 h5 11. Qg3 Qb6 12. Bxe7 Qxd4 13. Bxf8 Kxf8 14. Nc3
h4 15. Qe3 Qxe3 16. fxe3 Ke7 17. Rf4 f6 18. Raf1 f5 19. Rb4 b5 20. Rb3 Rab8 21.
Rf4 a5 22. a3 g5 23. Rd4 Rb7 24. Kf2 Rhb8 25. Na2 Rc7 26. Rc3 Rxc3 27. Nxc3 Bc6
28. g3 hxg3+ 29. Kxg3 Rg8 30. h3 Be8 31. Kf2 Rh8 32. Kg2 Bd7 33. h4 gxh4 34.
Kh3 Rg8 35. Rxh4 Rg1 36. Kh2 Rc1 37. Kg3 Rg1+ 38. Kf2 Rc1 39. Rh2 Kd8 40. Kf3
Rf1+ 41. Ke2 Rg1 42. Kd2 Rg4 43. Ne2 b4 44. axb4 Rxb4 45. Kc3 Rb7 46. Rh8+ Kc7
47. Nd4 Ra7 48. Rh7 Ra6 49. Nb3 Rc6+ 50. Kd4 Kd8 51. Nc5 Bc8 52. Ra7 Rb6 53.
Kc3 Rb5 54. Nb3 Bb7 55. Nxa5 d4+ 56. Kxd4 Bf3 57. Nc4 Bd1 58. Ra6 Ke7 59. Rb6
1-0

[Event "30. Internationales Böblinger Open"]
[Site "Böblingen"]
[Date "2013.12.29"]
[Round "7"]
[White "Schmid, Roland"]
[Black "Bonk, Andras"]
[Result "1-0"]
[WhiteElo "2261"]
[BlackElo "2084"]
[PlyCount "75"]
[EventDate "2013.12.26"]
[EventType "swiss"]
[EventRounds "9"]
[EventCountry "GER"]

1. d4 Nf6 2. c4 e6 3. Nc3 Bb4 4. f3 c5 5. d5 b5 6. e4 O-O 7. Bd2 exd5 8. cxd5
Bxc3 9. bxc3 Re8 10. Ne2 a5 11. Bg5 Ba6 12. Qd2 b4 13. Rc1 d6 14. Ng3 Bxf1 15.
Kxf1 Nbd7 16. Kf2 Rb8 17. Rhe1 Qb6 18. Nf5 g6 19. Bxf6 Nxf6 20. Qh6 gxf5 21.
Qg5+ Kf8 22. Qxf6 f4 23. e5 c4+ 24. Kf1 Rxe5 25. Rxe5 dxe5 26. Qh8+ Ke7 27.
Qxe5+ Kd7 28. Re1 Rd8 29. Qf5+ Kd6 30. Qxf4+ Kc5 31. Qd4+ Kb5 32. a4+ Ka6 33.
Qxc4+ Ka7 34. Re7+ Ka8 35. cxb4 axb4 36. a5 Qd6 37. Rc7 Rb8 38. Rc6 1-0

[Event "30. Internationales Böblinger Open"]
[Site "Böblingen"]
[Date "2013.12.29"]
[Round "7"]
[White "Schneider, Bernd"]
[Black "Janzelj, Tim"]
[Result "1-0"]
[WhiteElo "2240"]
[BlackElo "2282"]
[PlyCount "127"]
[EventDate "2013.12.26"]
[EventType "swiss"]
[EventRounds "9"]
[EventCountry "GER"]

1. e4 e5 2. Nc3 Nf6 3. Bc4 Nxe4 4. Qh5 Nd6 5. Bb3 Nc6 6. Nb5 g6 7. Qf3 f5 8.
Qd5 Qe7 9. Nxc7+ Kd8 10. Nxa8 b6 11. Nf3 Bb7 12. d4 Nxd4 13. Bg5 Nxf3+ 14. Qxf3
Qxg5 15. Bd5 e4 16. Qb3 Qxg2 17. O-O-O Bxa8 18. Bxa8 Bh6+ 19. Kb1 Bf4 20. Qa4
Ke7 21. Qxa7 Qxf2 22. Rhf1 Qe2 23. Rde1 Qd2 24. Rd1 Qa5 25. Qxa5 bxa5 26. Bxe4
Bxh2 27. Bd5 Kf6 28. c4 Be5 29. Rd3 Rc8 30. b3 Ne8 31. a3 Nc7 32. Bf3 d6 33. b4
Rb8 34. b5 Ne6 35. Rfd1 Ke7 36. Bc6 Nc5 37. Rd5 Ne4 38. Kc2 Ke6 39. Re1 h5 40.
Rd3 Nc5 41. Rd5 Ne4 42. Rd3 g5 43. Rxe4 fxe4 44. Bxe4 g4 45. Rd1 h4 46. Rf1 g3
47. Bg2 Bd4 48. Rf4 Bc5 49. Rxh4 Rf8 50. Re4+ Kf5 51. Re2 Rh8 52. a4 Rh2 53.
Kd3 Bf2 54. Bc6 Kg6 55. Re6+ Kg7 56. Rxd6 g2 57. Bxg2 Rxg2 58. Ra6 Be1 59. b6
Rb2 60. c5 Kf7 61. c6 Rd2+ 62. Ke3 Rc2 63. c7 Bf2+ 64. Kd3 1-0

[Event "30. Internationales Böblinger Open"]
[Site "Böblingen"]
[Date "2013.12.29"]
[Round "7"]
[White "Schroeter, Samuel"]
[Black "Schulze, Ulrich"]
[Result "1-0"]
[WhiteElo "2095"]
[BlackElo "2309"]
[PlyCount "81"]
[EventDate "2013.12.26"]
[EventType "swiss"]
[EventRounds "9"]
[EventCountry "GER"]

1. c4 Nf6 2. Nc3 d5 3. cxd5 Nxd5 4. g3 Nxc3 5. bxc3 g6 6. Bg2 Bg7 7. Nf3 O-O 8.
O-O Nd7 9. Rb1 Rb8 10. Qc2 e5 11. d3 b6 12. c4 Bb7 13. e4 Nc5 14. Ba3 Qxd3 15.
Qxd3 Nxd3 16. Bxf8 Rxf8 17. Nd2 Nc5 18. Rfe1 Re8 19. Nb3 Bf8 20. Nxc5 Bxc5 21.
Rbd1 Bc8 22. Bf1 Be6 23. Kg2 f6 24. h3 Kf7 25. f4 Ke7 26. Bd3 Rd8 27. f5 Bf7
28. Be2 Bd4 29. g4 g5 30. h4 gxh4 31. Rh1 Rg8 32. Rxh4 h5 33. Kf3 hxg4+ 34. Kg3
Be8 35. Rxg4 Rh8 36. Kg2 Bc5 37. Rg3 Rh4 38. Rh3 Rxe4 39. Bf3 Rxc4 40. Rh7+ Bf7
41. Bh5 1-0

[Event "30. Internationales Böblinger Open"]
[Site "Böblingen"]
[Date "2013.12.29"]
[Round "7"]
[White "Schulte, Thorsten"]
[Black "Kabisch, Thilo"]
[Result "0-1"]
[WhiteElo "2112"]
[BlackElo "2262"]
[PlyCount "48"]
[EventDate "2013.12.26"]
[EventType "swiss"]
[EventRounds "9"]
[EventCountry "GER"]

1. d4 Nf6 2. c4 b6 3. Nc3 Bb7 4. d5 d6 5. e4 Nbd7 6. f4 e5 7. Nf3 Be7 8. Bd3 a5
9. O-O O-O 10. f5 c6 11. h3 Nc5 12. g4 cxd5 13. cxd5 Nxd3 14. Qxd3 Ba6 15. Nb5
Bxb5 16. Qxb5 Nxe4 17. Be3 Nc5 18. Rac1 e4 19. Nd2 Bg5 20. Qe2 Re8 21. b3 h6
22. Rc4 b5 23. Bxg5 Qxg5 24. Nxe4 bxc4 0-1

[Event "30. Internationales Böblinger Open"]
[Site "Böblingen"]
[Date "2013.12.29"]
[Round "7"]
[White "Vuckovic, Aleksandar"]
[Black "Noe, Christopher"]
[Result "1/2-1/2"]
[WhiteElo "2317"]
[BlackElo "2253"]
[PlyCount "98"]
[EventDate "2013.12.26"]
[EventType "swiss"]
[EventRounds "9"]
[EventCountry "GER"]

1. e4 e5 2. Nf3 Nc6 3. d4 exd4 4. Nxd4 Bc5 5. Nb3 Bb4+ 6. c3 Be7 7. c4 Nf6 8.
Bd3 Bb4+ 9. Bd2 Bxd2+ 10. Qxd2 d6 11. Nc3 Ne5 12. f4 Nxd3+ 13. Qxd3 O-O 14.
O-O-O Qe7 15. h3 b6 16. Rhe1 Bb7 17. Re2 Rad8 18. g4 Rfe8 19. g5 Nd7 20. h4 Qe6
21. Qd4 Nf8 22. f5 Qe5 23. Qf2 a6 24. Nd5 b5 25. Na5 Rb8 26. cxb5 axb5 27. Nxb7
Rxb7 28. f6 g6 29. Ne7+ Kh8 30. Rd5 Qe6 31. Kb1 Nd7 32. h5 Ne5 33. Qh4 Rxe7 34.
fxe7 Qxe7 35. hxg6 fxg6 36. Qf4 Kg7 37. Rf2 Nd7 38. Qe3 Rb8 39. Qd4+ Ne5 40.
Qd2 Kg8 41. Qf4 Nf7 42. Rg2 c6 43. Rdd2 Re8 44. Rde2 Kg7 45. a3 Qe5 46. Qc1 c5
47. Qd2 Qe7 48. Qf4 Qe5 49. Qd2 Qe7 1/2-1/2